000 00197nam a2200085Ia 4500
008 120527s9999 xx 000 0 und d
100 _aOLADUNNI, A.David
245 _aAdventure in christ
942 _cBK
999 _c25350
_d25350